| 000 | 00000nas 2200000zi 4500 |
| 001 | 9.919545 |
| 003 | CaOODSP |
| 005 | 20241121084343 |
| 006 | m o d f |
| 007 | cr ||||||||||| |
| 008 | 230127c20199999oncar p o f0###b0fre|d |
| 040 | |aCaOODSP|bfre|erda|cCaOODSP |
| 043 | |an-cn--- |
| 086 | 1 |aPS81-22F-PDF |
| 245 | 00|aRecueil des recherches ... : |bbilan de l'année. |
| 264 | 1|a[Ottawa] : |bService correctionnel Canada, |c2019- |
| 310 | |aAnnuel |
| 336 | |atexte|btxt|2rdacontent/fre |
| 337 | |ainformatique|bc|2rdamedia/fre |
| 338 | |aressource en ligne|bcr|2rdacarrier/fre |
| 362 | 1 |aParaît depuis 2018-2019. |
| 500 | |aPublié aussi en anglais sous le titre : Research ..., a year in review. |
| 588 | |aDescription d'après : 2018-2019. |
| 588 | |aDernière livraison consultée : 2018-2019. |
| 650 | 6|aServices correctionnels|xRecherche|zCanada|vPériodiques. |
| 655 | 7|aPériodiques|2rvmgf |
| 710 | 2 |aService correctionnel Canada, |eorganisme de publication. |
| 775 | 08|tResearch ... : |w(CaOODSP)9.919529 |